Diseño del sistema de agua potable en las comunidades El Cristal y El Guineo en Ciudad Darío, departamento de Matagalpa, 2021
El propósito de este estudio fue realizar el diseño de un sistema de agua potable, que prestara un servicio eficiente y continuo durante su periodo de diseño de 20 años, para abastecer a 1086 habitantes en el año 2041, con la finalidad de mejorar las condiciones de vida de los pobladores de las...
| Main Authors: | , , |
|---|---|
| Other Authors: | |
| Format: | Tesis Section = Libro |
| Language: | Undetermined Spanish |
| Published: |
Managua
UNI
2021
|
| Subjects: |
| LEADER | 01281nam a2200289Ia 4500 | ||
|---|---|---|---|
| 008 | 240830s9999 xx 000 0 und d | ||
| 040 | |a BIBLIOTECA-RUPAP/ Mon 628.72 C957 | ||
| 041 | |a spa | ||
| 082 | |a Mon 628.72 C957 | ||
| 100 | 1 | |a Cruz González, Ingrid Mariam | |
| 100 | 1 | |b Guerrero López, Katy Esmeralda | |
| 100 | 1 | |c Rodríguez Acuña, Luis Manuel | |
| 245 | 1 | 0 | |a Diseño del sistema de agua potable en las comunidades El Cristal y El Guineo en Ciudad Darío, departamento de Matagalpa, 2021 |
| 260 | |a Managua |b UNI |c 2021 | ||
| 300 | |a 168 p. :il. | ||
| 500 | |a Contiene: anexos y CD. | ||
| 502 | |a Tesis (Ingeniero Civil) - UNI, 2021. | ||
| 520 | 3 | |a El propósito de este estudio fue realizar el diseño de un sistema de agua potable, que prestara un servicio eficiente y continuo durante su periodo de diseño de 20 años, para abastecer a 1086 habitantes en el año 2041, con la finalidad de mejorar las condiciones de vida de los pobladores de las comunidades. | |
| 650 | 7 | |a AGUA POTABLE | |
| 650 | 7 | |b AGUA-ABASTECIMIENTO 3 .CONSUMO DE AGUA | |
| 650 | 7 | |c DOTACION DE AGUA | |
| 650 | 7 | |d CALIDAD DEL AGUA | |
| 650 | 7 | |e TRATAMIENTO DEL AGUA | |
| 700 | 1 | |a Tutor: |b Baltodano Maldonado, José Ángel | |
| 942 | |c BK |2 ddc | ||
| 991 | |a TESIS | ||
| 999 | |c 18978 | ||